000 00575cam a2200217 i 4500
001 4107420
005 20180205032223.0
008 750617s1976 nyua b 001 0 eng
010 _a 75019423
020 _a007028721X
040 _aDLC
_cDLC
_dDLC
041 _aeng
080 _a658.4 her
082 0 0 _a658.4 her
100 1 _a54
101 _aman
245 1 4 _aThe management of organizations /
_cHerbert G. Hicks, C. Ray Gullett.
504 _aIncludes bibliographies and indexes.
906 _a7
_bcbc
_corignew
_d1
_eocip
_f19
_gy-gencatlg
942 _2ddc
_cBK
999 _c41712
_d41712